Selected papers of Ðuro Kurepa /
Guardado en:
| Autor Principal: | |
|---|---|
| Otros Autores: | |
| Formato: | Libro |
| Idioma: | English French German |
| Publicado: |
Beograd :
Matematicki institut SANU,
1996.
|
| Materias: | |
| Etiquetas: |
Agregar Etiqueta
Sin Etiquetas, Sea el primero en etiquetar este registro!
|
| LEADER | 01123nam a2200325 a 4500 | ||
|---|---|---|---|
| 001 | MAT.inmabb004218 | ||
| 008 | 970402s1996####yu#a#####b####000#0#eng#d | ||
| 005 | 20130208154831.0 | ||
| 245 | 1 | 0 | |a Selected papers of Ðuro Kurepa / |c editorial committee: Aleksandar Ivic ... [et al.]. |
| 260 | |a Beograd : |b Matematicki institut SANU, |c 1996. | ||
| 300 | |a 621 p. : |b il. ; |c 24 cm. | ||
| 500 | |a "Consists of 48 selected mathematical papers"--Preface. | ||
| 546 | |a Artículos en francés, inglés o alemán. | ||
| 504 | |a Incluye referencias bibliográficas. | ||
| 510 | 4 | |a MR, |c 97m:01106 | |
| 020 | |a 8680593206 | ||
| 100 | 1 | |a Kurepa, Ðuro, |d 1907-1993. | |
| 240 | 1 | 0 | |a Selecciones. |l Inglés y francés. |f 1996 |
| 700 | 1 | |a Mijajlovic, Zarko. |4 edt | |
| 650 | 0 | |a Set theory. | |
| 650 | 0 | |a Axiomatic set theory. | |
| 650 | 0 | |a Topology. | |
| 650 | 0 | |a Computer science |x Mathematics. | |
| 650 | 0 | |a Partially ordered sets. | |
| 650 | 0 | |a Number theory. | |
| 084 | |a 01A75 (03-03 54-03) |2 msc2000 | ||
| 010 | |a 97146128 | ||
| 040 | |a MiU |c MiU |d ICU |d DLC | ||
| 041 | 0 | |a eng |a fre |a ger | |
| 859 | |h 01A75 |i K965 |p A-7265 |b BIB. MATEMATICA | ||
